banner-ar

L'HISTOIRE ET LE METIER D'HISTORIEN EN FRANCE 1945 - 1995 / (Record no. 16420)

MARC details
000 -الفاتح
حقل البيانات ثابتة الطول 00572nam a2200193Ia 4500
008 - عناصر البيانات ثابتة الطول - معلومات عامة
حقل البيانات ثابتة الطول 140319s9999 xx 000 0 eng d
040 ## - مصدر الفهرسة
وكالة الفهرسة الأصلية GCL /
وكالة النسخ GCL
082 04 - رقم تصنيف ديوى العشرى
رقم التصنيف 944.082
رقم المادة B H
100 1# - المدخل الرئيسى - إسم شخصى
الإسم الشخصى BEDARIDA, FRANCOIS
245 10 - بيان العنوان
العنوان L'HISTOIRE ET LE METIER D'HISTORIEN EN FRANCE 1945 - 1995 /
بيان المسئوليه,etc BEDARIDA, FRANCOIS
700 1# - المدخل الاضافى - اسم شخصى
الإسم الشخصى AYMARD, MAURICE
260 ## - PUBLICATION, DISTRIBUTION, ETC. (IMPRINT)
تاريخ النشر أو التوزيع 1995
300 ## - الوصف المادى
التعداد 437 P
650 04 - المدخل الاضافى بالموضوع-مصطلح موضوعى
مصطلح موضوعي FRANCE - HISTORY
650 04 - المدخل الاضافى بالموضوع-مصطلح موضوعى
مصطلح موضوعي HISTORY
650 04 - المدخل الاضافى بالموضوع-مصطلح موضوعى
مصطلح موضوعي FRANCE - HISTORY - 1945 - 1995
942 ## - عناصر المدخل الإضافي( كوها)
مصدر التصنيف او مخطط الترفيف Dewey Decimal Classification
Koha [default] item type كتاب
260 ## - PUBLICATION, DISTRIBUTION, ETC. (IMPRINT)
-- [S.N] :
-- EDITIONS DE LA MAISON DES SCEINCE DE L'H ،
Holdings
حالة التراجع حالة الفقد حالة تلف ليس للاعارة المكان المؤقت الموقع الحالى تاريخ الاكتساب اجمالي اﻻعارات رقم الطلب الباركود تاريخ اخر مشاهدة تاريخ تفعيل السعر نوع وعاء كوها
        مكتبة القاهرة الكبرى مكتبة القاهرة الكبرى 03/26/2014   944.082\B H 29839 03/26/2014 03/26/2014 كتاب

Powered By

EGPV